Normal view
MARC view
- Kashmiri, Shahid Mehmood
Entry Personal Name
001 - CONTROL NUMBER
- control field: 15671
003 - CONTROL NUMBER IDENTIFIER
- control field: NUST
005 - DATE AND TIME OF LATEST TRANSACTION
- control field: 20190627051529.0
008 - FIXED-LENGTH DATA ELEMENTS
- fixed length control field: 190627|| aca||aabn | a|a d
040 ## - CATALOGING SOURCE
- Original cataloging agency: NUST
- Transcribing agency: NUST
100 ## - HEADING--PERSONAL NAME
- Personal name: Kashmiri, Shahid Mehmood
670 ## - SOURCE DATA FOUND
- Source citation: Work cat.: (NUST): Kashmiri, Shahid Mehmood, Surt Sawair /, 1989.
